Italian Language -IRE Verbs - Statistics

General Stats
  • This quiz has been taken 104 times
  • The average score is 14 of 15
Answer Stats
Hint Answer % Correct
to applaud applaudire
100%
to sleep dormire
100%
to serve servire
100%
to agree acconsentire
96%
to open aprire
96%
to cover coprire
96%
to offer offrire
96%
to leave partire
92%
to suffer soffrire
92%
to dress vestire
92%
to feed nutrire
88%
to feel/hear sentire
88%
to uncover scoprire
85%
to lie mentire
81%
to continue proseguire
81%
No matching quizzes found
Score Distribution
Percent of People with Each Score
Percentile by Number Answered
Your Score History
You have not taken this quiz